000 00379 a2200169 4500
001 191566
020 _a85-322-5926-X
040 _cMagnum
100 _aCarpaneda, Isabella
240 1 0 _aQuer brincar de pique-esconde?
_lpor
245 1 0 _aQuer brincar de pique-esconde?
300 _a29
362 0 _a2006
440 1 _aFTD
697 _aLITERATURA INFANTIL
942 _cBK
999 _c191566
_d191566